The concept of human rights in Africa (Record no. 79710)

MARC details
000 -LEADER
fixed length control field 01182nam a2200229 a 4500
008 - FIXED-LENGTH DATA ELEMENTS--GENERAL INFORMATION
fixed length control field 120416s1989 ||||||||||||||||| || u
020 ## - INTERNATIONAL STANDARD BOOK NUMBER
International Standard Book Number 1870784022
050 ## - LIBRARY OF CONGRESS CALL NUMBER
Classification number JC 571.A3 Shi
100 ## - MAIN ENTRY--PERSONAL NAME
Personal name Shivji, Issa G
245 14 - TITLE STATEMENT
Title The concept of human rights in Africa
260 ## - PUBLICATION, DISTRIBUTION, ETC.
Place of publication, distribution, etc. London:
Name of publisher, distributor, etc. CODESRIA
Date of publication, distribution, etc. 1989
300 ## - PHYSICAL DESCRIPTION
Extent viii, 126p.
350 ## -
-- 0.00
500 ## - GENERAL NOTE
General note Bibliography
650 ## - SUBJECT ADDED ENTRY--TOPICAL TERM
Topical term or geographic name entry element HUMAN RIGHTS--POLITICAL ASPECT--AFRICA
650 ## - SUBJECT ADDED ENTRY--TOPICAL TERM
Topical term or geographic name entry element POLITICS
650 ## - SUBJECT ADDED ENTRY--TOPICAL TERM
Topical term or geographic name entry element HUMAN RIGHTS--AFRICA
995 ## -
-- MAIN LIBRARY OPEN ACCESS
-- 0.00
-- 738111
-- CBU-MAIN LIBRARY (Kitwe)
-- 1
-- 0.00
-- JC 571.A3 SHI
-- 3
-- AVAILABLE
-- Nov 27, 2007
-- 738111
-- Main Library Open Access Collection
995 ## -
-- ANNEX COLLECTION (Main Library)
-- 0.00
-- 730034
-- CBU-MAIN LIBRARY (Kitwe)
-- 1
-- 0.00
-- JC 571.A3 SHI
-- 2
-- AVAILABLE
-- May 26, 2006
-- 023994
-- Annex Low-Usage Collection
995 ## -
-- ANNEX COLLECTION (Main Library)
-- 0.00
-- 738112
-- CBU-MAIN LIBRARY (Kitwe)
-- 1
-- 0.00
-- JC 571.A3 SHI
-- 4
-- AVAILABLE
-- Nov 27, 2007
-- 738112
-- Annex Low-Usage Collection
995 ## -
-- MAIN LIBRARY OPEN ACCESS
-- 0.00
-- 725887
-- CBU-MAIN LIBRARY (Kitwe)
-- 1
-- 19.80
-- JC 571.A3 Shi
-- 1
-- AVAILABLE
-- 010328
-- Main Library Open Access Collection
999 ## -
-- 79710
-- 79710
Holdings
Withdrawn status Lost status Source of classification or shelving scheme Damaged status Not for loan Permanent Location Current Location Shelving location Date acquired Total Checkouts Full call number Barcode Date last seen Copy number Price effective from Koha item type
          CBU-MAIN LIBRARY, KITWE. CBU-MAIN LIBRARY, KITWE.   06/29/2023   JC 571.A3 Shi 738111 06/29/2023 1 06/29/2023 MONOGRAPH
          CBU-MAIN LIBRARY, KITWE. CBU-MAIN LIBRARY, KITWE.   06/29/2023   JC 571.A3 Shi 023994 06/29/2023 2 06/29/2023 MONOGRAPH
          CBU-MAIN LIBRARY, KITWE. CBU-MAIN LIBRARY, KITWE.   06/29/2023   JC 571.A3 Shi 738112 06/29/2023 3 06/29/2023 MONOGRAPH
          CBU-MAIN LIBRARY, KITWE. CBU-MAIN LIBRARY, KITWE.   06/29/2023   JC 571.A3 Shi 010328 06/29/2023 4 06/29/2023 MONOGRAPH